[Event "Amplico Life Europe-ch blitz"]
[Site "Warsaw POL"]
[Date "2013.12.13"]
[Round "5.7"]
[White "Bernotas, Arturs"]
[Black "Socko, Bartosz"]
[Result "1-0"]
[BlackElo "2618"]
[EventDate "2013.12.13"]
[WhiteElo "2371"]

1.e4 e6 2.d4 d5 3.Nd2 c5 4.exd5 exd5 5.Ngf3 c4 6.b3 cxb3 7.axb3 Bd6 8.Bd3 Nf6
9.O-O O-O 10.h3 Nc6 11.c3 h6 12.Re1 Be6 13.Nf1 Rc8 14.Ne3 Qd7 15.Ba3 a6
16.Bxd6 Qxd6 17.c4 Rfe8 18.Qd2 Rcd8 19.c5 Qc7 20.b4 Ne4 21.Qb2 f5 22.b5 axb5
23.Bxb5 f4 24.Nc2 Rf8 25.Nb4 Ne7 26.Ra7 Nc8 27.Ra8 Ne7 28.Rxd8 Rxd8 29.Qb3
Qc8 30.Ne5 Kh7 31.Bd3 Bf5 32.Nxd5 Rxd5 33.Rxe4 Qc7 34.Nc4 Bxe4 35.Bxe4+ Kh8
36.Bxd5 Nxd5 37.Nd6 Nf6 38.Qxb7 Qa5 39.Qc8+ Kh7 40.Qf5+ Kh8 41.Qxf4 Qc3
42.Nf5 Kh7 43.Qc7 Qc1+ 44.Kh2 Qg5 45.Ng3 Nd5 46.Qe5 Qd8 47.Nf5 Nf6 48.c6 Kg6
49.c7 Qd7 50.Ne7+ Kf7 51.c8=Q 1-0

[Event "Amplico Life Europe-ch blitz"]
[Site "Warsaw POL"]
[Date "2013.12.13"]
[Round "5.8"]
[White "Deszczynski, Adam"]
[Black "Petrosian, Tigran L."]
[Result "0-1"]
[BlackElo "2613"]
[EventDate "2013.12.13"]
[WhiteElo "2373"]

1.e4 d6 2.d4 g6 3.Nc3 Bg7 4.f4 a6 5.Nf3 b5 6.Bd3 Bb7 7.Qe2 b4 8.Nd1 Nd7 9.O-O
c5 10.d5 Ngf6 11.Ne3 Nb6 12.Nc4 Nxc4 13.Bxc4 O-O 14.Rd1 Nd7 15.Rb1 Nb6 16.b3
Nxc4 17.bxc4 a5 18.Bb2 Bxb2 19.Rxb2 Ba6 20.Rb3 Qd7 21.Re3 Qa4 22.Qf2 f6
23.Rde1 Bxc4 24.Qh4 Rf7 25.e5 Bxd5 0-1

[Event "Amplico Life Europe-ch blitz"]
[Site "Warsaw POL"]
[Date "2013.12.13"]
[Round "6.1"]
[White "Tregubov, Vadim"]
[Black "Korobov, Anton"]
[Result "0-1"]
[BlackElo "2753"]
[EventDate "2013.12.13"]
[WhiteElo "2396"]

1.e4 c5 2.Nf3 d6 3.d4 cxd4 4.Nxd4 Nf6 5.Nc3 a6 6.Bg5 Nbd7 7.Qe2 h6 8.Bh4 g6
9.O-O-O e5 10.Nb3 Qc7 11.Bg3 h5 12.h4 b5 13.Kb1 Bh6 14.Nd5 Nxd5 15.Rxd5 Bb7
16.Rd1 a5 17.f3 a4 18.Nc1 a3 19.Nb3 axb2 20.Qxb5 O-O 21.Qc4 Qb6 22.Qb5 Qa7
23.a4 Nc5 24.Nxc5 dxc5 25.Bc4 Qxa4 26.Qxa4 Rxa4 27.Bb3 Rb4 28.Bxe5 c4 29.Bd6
Rb6 30.Bxc4 Ra8 31.Bb3 Bg7 32.e5 Rxd6 33.Rxd6 Bxe5 34.Bxf7+ Kxf7 35.Rd7+ Ke6
36.Rxb7 Ra1# 0-1

[Event "Amplico Life Europe-ch blitz"]
[Site "Warsaw POL"]
[Date "2013.12.13"]
[Round "6.4"]
[White "Przedmojski, Rafal"]
[Black "Dubov, Daniil"]
[Result "0-1"]
[BlackElo "2683"]
[EventDate "2013.12.13"]
[WhiteElo "2334"]

1.e4 c5 2.Nf3 e6 3.c3 Nc6 4.d4 d5 5.e5 Qb6 6.a3 Nh6 7.Bd3 cxd4 8.cxd4 Bd7
9.Bc2 Nf5 10.Bxf5 exf5 11.Nc3 Be6 12.O-O h6 13.h4 Be7 14.g3 O-O 15.b4 Rac8
16.Na4 Qb5 17.Be3 f4 18.Bxf4 Bg4 19.Kg2 f6 20.Nc3 Qc4 21.Rc1 Nxd4 22.Nxd4
Bxd1 23.Rfxd1 fxe5 24.Bxe5 a5 25.Nce2 Qa2 26.Ra1 Qc4 27.Rac1 Qa6 28.Rb1 axb4
29.axb4 Rc4 30.b5 Qg6 31.Nf4 Rxf4 32.Bxf4 Rxd4 33.Rxd4 Qxb1 34.Be5 Qxb5
35.Rg4 Bf8 36.f4 d4 37.h5 d3 38.Rh4 d2 0-1

[Event "Amplico Life Europe-ch blitz"]
[Site "Warsaw POL"]
[Date "2013.12.13"]
[Round "6.5"]
[White "Berzinsh, Roland"]
[Black "Cheparinov, Ivan"]
[Result "1-0"]
[BlackElo "2668"]
[EventDate "2013.12.13"]
[WhiteElo "2371"]

1.e4 c5 2.Nf3 d6 3.Bc4 Nf6 4.d3 Nc6 5.c3 a6 6.Bg5 e6 7.Bb3 b5 8.Nbd2 Be7
9.O-O h6 10.Bh4 Bb7 11.d4 cxd4 12.cxd4 g5 13.Bg3 g4 14.e5 gxf3 15.exf6 fxg2
16.Re1 Bxf6 17.Qh5 Kf8 18.d5 Nd4 19.dxe6 fxe6 20.Rxe6 Nxe6 21.Bxe6 Qe8 22.Qf5
Kg7 23.Rc1 Bc6 24.Qg4+ Qg6 25.Rxc6 Qxg4 26.Bxg4 Bxb2 27.Bxd6 h5 28.Rc7+ Kg6
29.Be6 Rad8 30.Ne4 h4 31.Kxg2 a5 32.f4 b4 33.f5+ Kh5 34.h3 a4 35.Bf7+ Kh6
36.Bf4+ Kg7 37.Be6+ Kf8 38.Bd6+ Ke8 39.Bf7# 1-0

[Event "Amplico Life Europe-ch blitz"]
[Site "Warsaw POL"]
[Date "2013.12.13"]
[Round "6.6"]
[White "Ragger, Markus"]
[Black "Razin, Vadim"]
[Result "1-0"]
[BlackElo "2391"]
[EventDate "2013.12.13"]
[WhiteElo "2635"]

1.d4 d5 2.c4 dxc4 3.e3 Nf6 4.Bxc4 e6 5.Nf3 c5 6.O-O a6 7.Bb3 Nc6 8.Nc3 Be7
9.dxc5 Bxc5 10.Qxd8+ Kxd8 11.Bd2 Ke7 12.Rac1 Bd6 13.Rfd1 Rd8 14.Na4 Bd7
15.Nb6 Rab8 16.Ba4 Be8 17.Nc4 b5 18.Nxd6 Rxd6 19.Bc2 Rbd8 20.Be1 Rxd1 21.Bxd1
Nd5 22.a3 f6 23.Kf1 Nb6 24.Be2 e5 25.Nd2 Na5 26.Ne4 Nac4 27.b3 Bg6 28.Bb4+
Kf7 29.bxc4 Bxe4 30.cxb5 axb5 31.Bxb5 Bd3+ 32.Bxd3 Rxd3 33.Ke2 Rd7 34.e4 g6
35.Rc6 Na4 36.f3 f5 37.Ra6 Nb2 38.Bc3 Nd3 39.exf5 Nf4+ 40.Kf2 gxf5 41.Rh6 Kg7
42.Rc6 Kf7 43.a4 Ra7 44.a5 Nd3+ 45.Ke3 Nf4 46.g3 Nd5+ 47.Kd3 Nxc3 48.Rc5 Nd1
49.Rxe5 Kf6 50.Rd5 Nf2+ 51.Ke2 Nh3 52.f4 h5 53.Kf3 h4 54.Kg2 hxg3 55.hxg3 Ng5
56.fxg5+ Kxg5 57.Kf3 Rb7 58.Rd3 Ra7 59.Ra3 Ra6 60.Ra4 Kh5 61.Kf4 Kg6 62.Ke5
Kg5 63.Kd5 Ra8 64.a6 Rd8+ 65.Ke6 Re8+ 66.Kd7 Rh8 67.a7 Rh7+ 68.Ke6 Rh6+
69.Ke5 1-0

[Event "Amplico Life Europe-ch blitz"]
[Site "Warsaw POL"]
[Date "2013.12.13"]
[Round "6.7"]
[White "Socko, Bartosz"]
[Black "Bernotas, Arturs"]
[Result "1-0"]
[BlackElo "2371"]
[EventDate "2013.12.13"]
[WhiteElo "2618"]

1.d4 d5 2.c4 e6 3.Nc3 Nf6 4.cxd5 exd5 5.Bg5 c6 6.e3 Nbd7 7.Bd3 Bd6 8.Qc2 Nf8
9.f4 h6 10.Bh4 Qe7 11.Qe2 Bg4 12.Bxf6 Qd7 13.Nf3 gxf6 14.Nxd5 Bxf3 15.gxf3
Be7 16.Nxe7 Qxe7 17.O-O-O O-O-O 18.Kb1 Ne6 19.f5 Nc7 20.Bc4 Rd7 21.Rd2 Nd5
22.e4 Nb6 23.Bb3 Qb4 24.Rhd1 a5 25.Rd3 a4 26.a3 Qb5 27.Ba2 Rxd4 28.Qe3 Rxd3
29.Qxd3 Qxd3+ 30.Rxd3 Rg8 31.Bxf7 Rg2 32.h4 Kc7 33.Be6 Rh2 34.f4 Rxh4 35.e5
fxe5 36.fxe5 Rf4 37.f6 h5 38.f7 Nd5 39.Rg3 Rf1+ 40.Kc2 Ne7 41.Rg8 Rf2+ 42.Kd3
1-0

[Event "Amplico Life Europe-ch blitz"]
[Site "Warsaw POL"]
[Date "2013.12.13"]
[Round "6.8"]
[White "Petrosian, Tigran L."]
[Black "Deszczynski, Adam"]
[Result "1-0"]
[BlackElo "2373"]
[EventDate "2013.12.13"]
[WhiteElo "2613"]

1.e4 c5 2.Nc3 Nc6 3.f4 e6 4.Bb5 Nge7 5.Nf3 a6 6.Bxc6 Nxc6 7.O-O Be7 8.d3 d5
9.Qe1 O-O 10.e5 f6 11.exf6 Bxf6 12.Bd2 Re8 13.Qg3 b5 14.Rae1 Bd7 15.Nd1 Nd4
16.Nxd4 cxd4 17.Nf2 Rc8 18.Rc1 e5 19.fxe5 Bxe5 20.Qf3 Be6 21.Ng4 Bxg4 22.Qxg4
Qd6 23.g3 Qe6 24.Qxe6+ Rxe6 25.Rce1 Rce8 26.Bg5 h6 27.Bc1 Bf6 28.Kf2 Kf7
29.Rxe6 Rxe6 30.Kf3 Kg6 31.h4 h5 32.Bf4 Rc6 33.Rf2 Re6 34.g4 hxg4+ 35.Kxg4
Re1 36.h5+ Kf7 37.Kf5 Rh1 38.Rh2 Rf1 39.a3 a5 40.b3 a4 41.bxa4 bxa4 42.Re2
Bd8 43.Kg4 Bf6 44.Bd6 Rg1+ 45.Kf3 Rh1 46.Bb4 Rxh5 47.Kg2 Rg5+ 48.Kf3 Rf5+
49.Kg4 g6 50.Rh2 Rg5+ 51.Kf3 Rh5 52.Rg2 Rf5+ 53.Ke2 Rg5 54.Rh2 Rh5 55.Rf2 Rf5
56.Rg2 Be5 57.Rg1 g5 58.Bc5 Kg6 59.Be7 Bf6 60.Bc5 Rf4 61.Bd6 Rh4 62.Rb1 Kf5
63.Rb5 Ke6 64.Bg3 Rh8 65.Kf3 Rc8 66.Kg4 1-0

[Event "Amplico Life Europe-ch blitz"]
[Site "Warsaw POL"]
[Date "2013.12.13"]
[Round "7.1"]
[White "Olszewski, Michal"]
[Black "Korobov, Anton"]
[Result "0-1"]
[BlackElo "2753"]
[EventDate "2013.12.13"]
[WhiteElo "2531"]

1.e4 c5 2.Nf3 d6 3.d4 cxd4 4.Nxd4 Nf6 5.Nc3 a6 6.Be3 e6 7.f3 b5 8.Qd2 Nbd7
9.g4 h6 10.O-O-O b4 11.Na4 Ne5 12.b3 Bd7 13.Nb2 Qa5 14.Kb1 Nxf3 15.Nxf3 Nxe4
16.Qg2 Nc3+ 17.Kc1 Rc8 18.Bd3 Qxa2 19.Nc4 Bb5 20.Kd2 Nxd1 21.Rxd1 d5 22.Nfe5
Be7 23.Bd4 dxc4 24.bxc4 b3 25.Ra1 Bb4+ 26.Ke3 bxc2 27.Qb7 O-O 28.Qe4 f5
29.gxf5 Qxa1 30.f6 c1=Q+ 0-1

[Event "Amplico Life Europe-ch blitz"]
[Site "Warsaw POL"]
[Date "2013.12.13"]
[Round "7.3"]
[White "Salgado Lopez, Ivan"]
[Black "Sargissian, Gabriel"]
[Result "1/2-1/2"]
[BlackElo "2702"]
[EventDate "2013.12.13"]
[WhiteElo "2524"]

1.e4 e5 2.Nf3 Nc6 3.Bb5 Nf6 4.O-O Nxe4 5.Re1 Nd6 6.Nxe5 Be7 7.Bf1 Nxe5 8.Rxe5
O-O 9.Nc3 Ne8 10.Nd5 Bd6 11.Re1 c6 12.Ne3 Bc7 13.Nf5 d5 14.Ne7+ Kh8 15.Nxc8
Rxc8 16.d3 Nf6 17.Qf3 Qd7 18.g3 Rce8 19.Bd2 Kg8 20.Bc3 Ng4 21.d4 f5 22.Bh3
Bd6 23.Rxe8 Rxe8 24.Re1 Rxe1+ 25.Bxe1 Qe6 26.Bd2 g6 27.Bf1 Nf6 28.Qe2 Qe4
29.Qd3 Qxd3 30.Bxd3 Kf7 31.f3 Nd7 32.Kf2 Nf8 33.c4 Ne6 34.Bc3 dxc4 35.Bxc4 b5
36.Bb3 Ke7 37.d5 Nc5 38.dxc6 Nxb3 39.axb3 Bc5+ 40.Ke2 Kd6 41.Kd3 Kxc6 42.h3
Kd5 43.g4 Bb6 44.Bf6 a5 45.Bc3 a4 46.bxa4 bxa4 47.Bf6 Ba5 48.Bg7 Bb4 49.Bf6
Bd6 50.Bg7 Bc5 51.Bf6 Bb4 52.Bg7 Be7 53.Bc3 Bd6 54.Bf6 Be5 55.Bxe5 Kxe5
56.Ke3 fxg4 57.fxg4 g5 58.Kd3 Kf4 59.Kc4 Kg3 60.Kb4 Kxh3 61.Kxa4 Kxg4 62.b4
h5 63.b5 h4 64.b6 h3 65.b7 h2 66.b8=Q h1=Q 67.Qc8+ 1/2-1/2

[Event "Amplico Life Europe-ch blitz"]
[Site "Warsaw POL"]
[Date "2013.12.13"]
[Round "7.4"]
[White "Stupak, Kirill"]
[Black "Dubov, Daniil"]
[Result "1-0"]
[BlackElo "2683"]
[EventDate "2013.12.13"]
[WhiteElo "2517"]

1.d4 Nf6 2.g3 c5 3.d5 g6 4.Bg2 Bg7 5.c4 d6 6.Nc3 O-O 7.Nf3 a6 8.a4 e6 9.O-O
Re8 10.Nd2 exd5 11.cxd5 Nbd7 12.h3 Rb8 13.Nc4 Ne5 14.Na3 Nh5 15.Rb1 f5 16.b4
cxb4 17.Rxb4 Nf6 18.Be3 Ned7 19.Ba7 Ra8 20.Bd4 Qa5 21.Qb1 Nh5 22.Nc4 Qc7
23.Bxg7 Nxg7 24.a5 Nc5 25.Nb6 Rb8 26.Rc1 Bd7 27.e3 Qd8 28.Ne2 Bb5 29.Nd4 Bd3
30.Qa1 Be4 31.Bf1 Qf6 32.Nb3 Qe7 33.Nxc5 dxc5 34.Rbc4 Red8 35.Rxc5 Ne8 36.Be2
Qg7 37.Qxg7+ Kxg7 38.f3 Nd6 39.Rc7+ Kh6 40.fxe4 Re8 41.e5 Rxe5 42.Nd7 Rxe3
43.Nxb8 Rxe2 44.R7c2 Re3 45.Rc3 Re2 46.R3c2 Re3 47.Kf2 Ra3 48.Re2 Rxa5 49.Nd7
Rxd5 50.Nf6 Rd3 51.h4 g5 52.Re6 Nf7 53.Rc7 Kg6 54.Ne8+ Kh5 55.Rxf7 Kg4
56.Nf6+ Kh3 57.hxg5 1-0

[Event "Amplico Life Europe-ch blitz"]
[Site "Warsaw POL"]
[Date "2013.12.13"]
[Round "7.6"]
[White "Rapport, Richard"]
[Black "Gdanski, Jacek"]
[Result "1-0"]
[BlackElo "2444"]
[EventDate "2013.12.13"]
[WhiteElo "2598"]

1.b3 e5 2.Bb2 Nc6 3.e3 Nf6 4.Bb5 d6 5.Ne2 Bd7 6.O-O Be7 7.f4 exf4 8.Nxf4 O-O
9.Nc3 Ne5 10.Bxd7 Qxd7 11.Nfd5 Nxd5 12.Nxd5 c6 13.Nf4 f5 14.a4 g6 15.h3 Bf6
16.d4 Nf7 17.e4 fxe4 18.Nxg6 hxg6 19.Rxf6 Kh7 20.d5 Ne5 21.dxc6 Qxc6 22.Bxe5
Qc5+ 23.Bd4 1-0

[Event "Amplico Life Europe-ch blitz"]
[Site "Warsaw POL"]
[Date "2013.12.13"]
[Round "7.7"]
[White "Westerberg, Jonathan"]
[Black "Lysyj, Igor"]
[Result "1/2-1/2"]
[BlackElo "2593"]
[EventDate "2013.12.13"]
[WhiteElo "2425"]

1.d4 Nf6 2.c4 e6 3.Nf3 d5 4.g3 Be7 5.Bg2 O-O 6.O-O dxc4 7.Qc2 a6 8.a4 Bd7
9.Rd1 Bc6 10.Nc3 Bxf3 11.Bxf3 Nc6 12.Bxc6 bxc6 13.a5 Rb8 14.Qa4 Rb4 15.Qxc6
Qd6 16.Qf3 Nd5 17.e4 Nxc3 18.Qxc3 Qc6 19.d5 exd5 20.exd5 Qb5 21.Bf4 Bf6
22.Be5 Bxe5 23.Qxe5 Qc5 24.h4 h6 25.Rd2 Rd8 26.Rc1 Qxa5 27.Rd4 Qc5 28.Rg4 Qf8
29.Rgxc4 Rb5 30.Rxc7 Rbxd5 31.Qe2 Rb5 32.R7c6 Rdb8 33.R1c2 a5 34.Rc8 Rxc8
35.Rxc8 Qxc8 36.Qxb5 1/2-1/2

[Event "Amplico Life Europe-ch blitz"]
[Site "Warsaw POL"]
[Date "2013.12.13"]
[Round "7.8"]
[White "Miton, Kamil"]
[Black "Klekowski, Maciej"]
[Result "1-0"]
[BlackElo "2425"]
[EventDate "2013.12.13"]
[WhiteElo "2578"]

1.d4 Nf6 2.c4 e6 3.g3 d5 4.Bg2 dxc4 5.Nf3 Nc6 6.O-O a6 7.Nc3 Bd6 8.e4 e5
9.dxe5 Nxe5 10.Nxe5 Bxe5 11.Qxd8+ Kxd8 12.Rd1+ Ke7 13.f4 Bxc3 14.bxc3 Rd8
15.Ba3+ Ke8 16.Rxd8+ Kxd8 17.Rd1+ Ke8 18.h3 c6 19.g4 Bd7 20.Bc5 b5 21.Kf2 a5
22.a3 Rd8 23.Ke3 Rb8 24.Bf3 Ng8 25.f5 Ne7 26.Kf4 f6 27.h4 h6 28.g5 fxg5+
29.hxg5 hxg5+ 30.Kxg5 Bc8 31.Bh5+ 1-0

[Event "Amplico Life Europe-ch blitz"]
[Site "Warsaw POL"]
[Date "2013.12.13"]
[Round "8.1"]
[White "Korobov, Anton"]
[Black "Olszewski, Michal"]
[Result "0-1"]
[BlackElo "2531"]
[EventDate "2013.12.13"]
[WhiteElo "2753"]

1.d4 Nf6 2.c4 g6 3.Nc3 d5 4.cxd5 Nxd5 5.e4 Nxc3 6.bxc3 Bg7 7.Bc4 c5 8.Ne2 Nc6
9.Be3 O-O 10.O-O Bg4 11.f3 Bd7 12.Rb1 Qc7 13.Qd2 Rad8 14.Rfc1 Bc8 15.h4 b6
16.h5 Ne5 17.Bd5 e6 18.h6 Bh8 19.Bb3 Ba6 20.Rd1 Nc4 21.Bxc4 Bxc4 22.Bf4 Qe7
23.e5 f6 24.Qe3 Bxa2 25.Ra1 Bc4 26.exf6 Bxf6 27.Ng3 cxd4 28.cxd4 Bd5 29.Ne4
Bxe4 30.Qxe4 Rd7 31.Be5 Bxe5 32.dxe5 Rfd8 33.Rxd7 Rxd7 34.Rc1 Qd8 35.Rc4 Qg5
36.Rc2 Qxh6 37.f4 Qf8 38.Qc6 Qe7 39.g3 Kg7 40.Kg2 h5 41.Kh3 Qf7 42.Kg2 Kh6
43.Qc8 Kg7 44.Qb8 Qf5 45.Qc8 Qe4+ 46.Kh2 Qd5 47.Qe8 h4 48.Rc8 hxg3+ 49.Kxg3
Qd3+ 50.Kh4 g5+ 51.Kxg5 Qf5+ 52.Kh4 Qxf4+ 0-1

[Event "Amplico Life Europe-ch blitz"]
[Site "Warsaw POL"]
[Date "2013.12.13"]
[Round "8.3"]
[White "Sargissian, Gabriel"]
[Black "Salgado Lopez, Ivan"]
[Result "1/2-1/2"]
[BlackElo "2524"]
[EventDate "2013.12.13"]
[WhiteElo "2702"]

1.d4 d5 2.c4 e6 3.Nf3 Nf6 4.Nc3 Be7 5.Bg5 h6 6.Bxf6 Bxf6 7.e3 c6 8.Rc1 Nd7
9.Bd3 Be7 10.O-O a6 11.cxd5 cxd5 12.Bb1 O-O 13.e4 dxe4 14.Nxe4 Nf6 15.Qd3
Nxe4 16.Qxe4 f5 17.Qe2 Bf6 18.Bc2 Qd6 19.Bb3 Bd7 20.Ne5 Bb5 21.Nc4 Qxd4
22.Qxe6+ Kh8 23.Rcd1 Qe4 24.Qxe4 fxe4 25.Rfe1 Bc6 26.Na5 Rac8 27.Nxc6 Rxc6
28.Rxe4 Bxb2 29.g3 Ba3 30.Kg2 Rd6 31.Rxd6 Bxd6 1/2-1/2

[Event "Amplico Life Europe-ch blitz"]
[Site "Warsaw POL"]
[Date "2013.12.13"]
[Round "8.4"]
[White "Dubov, Daniil"]
[Black "Stupak, Kirill"]
[Result "1-0"]
[BlackElo "2517"]
[EventDate "2013.12.13"]
[WhiteElo "2683"]

1.Nf3 Nf6 2.g3 c5 3.Bg2 b5 4.O-O Bb7 5.d3 e6 6.c4 a6 7.b3 Be7 8.Bb2 O-O 9.e4
d6 10.Nbd2 Nc6 11.a3 Nd7 12.d4 Bf6 13.e5 dxe5 14.Nxe5 Ndxe5 15.dxe5 Be7
16.cxb5 axb5 17.Ne4 Qxd1 18.Rfxd1 Rfd8 19.Rxd8+ Rxd8 20.Rc1 Na5 21.Nxc5 Bxg2
22.Kxg2 Rd5 23.Ne4 Nxb3 24.Rc8+ Rd8 25.Rxd8+ Bxd8 26.Nd6 Bb6 27.Nxb5 Kf8
28.Kf3 Nd2+ 29.Ke2 Nc4 30.Bc3 Ke7 31.Kd3 Na5 32.f4 Nc6 33.Nd4 Nd8 34.a4 Kd7
35.g4 Nb7 36.Nb3 Kc6 37.Bd4 Bd8 38.Kc4 Na5+ 39.Nxa5+ Bxa5 40.h4 g6 41.h5 gxh5
42.gxh5 Bd2 43.Bc3 Bxf4 44.a5 Be3 45.Bd4 Bxd4 46.Kxd4 Kb5 47.a6 Kxa6 48.Kc5
Ka5 49.Kd6 Kb4 50.Ke7 Kc5 51.h6 Kd5 52.Kf6 Ke4 53.Kg7 Kxe5 54.Kxh7 f5 55.Kg6
1-0

[Event "Amplico Life Europe-ch blitz"]
[Site "Warsaw POL"]
[Date "2013.12.13"]
[Round "8.5"]
[White "Drozdowski, Kacper"]
[Black "Petrosian, Tigran L."]
[Result "0-1"]
[BlackElo "2613"]
[EventDate "2013.12.13"]
[WhiteElo "2475"]

1.e4 d6 2.d4 g6 3.Nc3 Bg7 4.f4 a6 5.Nf3 b5 6.Bd3 Bb7 7.O-O Nd7 8.a3 c5 9.dxc5
Nxc5 10.Qe2 Nf6 11.Kh1 O-O 12.Bd2 Rc8 13.Rae1 e6 14.Qf2 Re8 15.Qh4 Nfd7
16.Qh3 Nxd3 17.cxd3 Nc5 18.d4 Nb3 19.Be3 f5 20.exf5 exf5 21.d5 h6 22.Qg3 Qf6
23.Bb6 Qf7 24.h4 Kh7 25.h5 gxh5 26.Nh4 Nd2 27.Rg1 Bxc3 28.bxc3 Ne4 29.Qh3
Rxc3 30.Qxf5+ Qxf5 31.Nxf5 Bxd5 32.Re3 Nf2+ 33.Kh2 Ng4+ 0-1

[Event "Amplico Life Europe-ch blitz"]
[Site "Warsaw POL"]
[Date "2013.12.13"]
[Round "8.6"]
[White "Gdanski, Jacek"]
[Black "Rapport, Richard"]
[Result "0-1"]
[BlackElo "2598"]
[EventDate "2013.12.13"]
[WhiteElo "2444"]

1.e4 g6 2.d4 Nf6 3.Nc3 d5 4.e5 Ne4 5.Nxe4 dxe4 6.Bc4 Bg7 7.Be3 c5 8.dxc5 Qc7
9.e6 f5 10.Bd4 Bxd4 11.Qxd4 O-O 12.Ne2 Rd8 13.Qe3 Na6 14.Bxa6 Qa5+ 15.Qc3
Qxa6 16.h4 Qxe6 17.Nf4 Qf6 18.Qxf6 exf6 19.Ke2 b6 20.cxb6 axb6 21.Rhd1 Bb7
22.Rxd8+ Rxd8 23.Rd1 Rxd1 24.Kxd1 g5 25.Ne2 f4 26.Kd2 Kf7 27.Nd4 gxh4 28.Ke2
Ba6+ 29.Ke1 f3 30.gxf3 h3 31.Nf5 h2 32.Ng3 exf3 33.b3 Be2 34.c4 h5 35.a4 h4
36.Nh1 Ke6 37.Kd2 Bf1 38.c5 Bg2 39.cxb6 Kd6 40.b7 Kc7 0-1

[Event "Amplico Life Europe-ch blitz"]
[Site "Warsaw POL"]
[Date "2013.12.13"]
[Round "8.7"]
[White "Lysyj, Igor"]
[Black "Westerberg, Jonathan"]
[Result "1-0"]
[BlackElo "2425"]
[EventDate "2013.12.13"]
[WhiteElo "2593"]

1.d4 Nf6 2.c4 c5 3.d5 b5 4.cxb5 a6 5.bxa6 g6 6.Nc3 Bxa6 7.Nf3 d6 8.e4 Bxf1
9.Kxf1 Bg7 10.g3 O-O 11.Kg2 Nbd7 12.a4 Ra6 13.Qc2 Qa8 14.Ra3 e6 15.dxe6 fxe6
16.Re1 d5 17.exd5 exd5 18.Nb5 Qc6 19.Bf4 Ne4 20.Rae3 g5 21.Nxg5 Nxg5 22.Bxg5
d4+ 23.Re4 h6 24.Be7 Rfa8 25.b3 c4 26.Qxc4+ Qxc4 27.bxc4 Rxa4 28.Nxd4 Rxc4
29.Nf5 Rxe4 30.Rxe4 Kf7 31.Nxg7 Kxg7 32.Bb4 Kg6 33.Re6+ 1-0

[Event "Amplico Life Europe-ch blitz"]
[Site "Warsaw POL"]
[Date "2013.12.13"]
[Round "8.8"]
[White "Klekowski, Maciej"]
[Black "Miton, Kamil"]
[Result "0-1"]
[BlackElo "2578"]
[EventDate "2013.12.13"]
[WhiteElo "2425"]

1.c4 e5 2.g3 Nc6 3.Bg2 f5 4.Nc3 Nf6 5.a3 g6 6.d3 Bg7 7.Nf3 O-O 8.O-O d6 9.Nd5
h6 10.Ne1 Nd4 11.e3 Ne6 12.f4 c6 13.Nxf6+ Bxf6 14.Nf3 g5 15.e4 fxe4 16.dxe4
exf4 17.gxf4 Nxf4 18.Bxf4 gxf4 19.Qd2 Be6 20.Rac1 Qe7 21.Kh1 Bg7 22.Nd4 Be5
23.Nxe6 Qxe6 24.Bf3 Kh8 25.Rg1 Rg8 26.Qe2 Qf6 27.b4 Bd4 28.Rxg8+ Rxg8 29.Rd1
c5 30.bxc5 Bxc5 31.Bg2 Bxa3 32.Rf1 Bc5 33.Qf3 Qg5 34.Qc3+ Qe5 35.Qh3 Qg5
36.Rd1 Kh7 37.Rd5 Qg4 38.Qxg4 Rxg4 39.h3 Rg5 40.e5 Rxe5 41.Rxe5 dxe5 42.Bxb7
a5 43.Bc6 Kg6 44.Kg2 Kf5 45.Bd7+ Ke4 0-1

[Event "Amplico Life Europe-ch blitz"]
[Site "Warsaw POL"]
[Date "2013.12.13"]
[Round "9.2"]
[White "Lysyj, Igor"]
[Black "Miton, Kamil"]
[Result "0-1"]
[BlackElo "2578"]
[EventDate "2013.12.13"]
[WhiteElo "2593"]

1.d4 d5 2.c4 c6 3.Nf3 Nf6 4.g3 Bf5 5.Nc3 e6 6.Nh4 Be4 7.f3 Bg6 8.Qb3 Qc8
9.Bg2 Be7 10.Nxg6 hxg6 11.e4 dxe4 12.fxe4 e5 13.d5 Nbd7 14.Be3 Bc5 15.Bxc5
Nxc5 16.Qc2 a5 17.O-O-O a4 18.Kb1 Qc7 19.h3 O-O 20.g4 a3 21.b3 Rfe8 22.Bf3
cxd5 23.cxd5 Rac8 24.Rc1 Qa5 25.Qd2 Qb4 26.g5 Na4 27.gxf6 Nxc3+ 28.Ka1 gxf6
29.Rc2 Qd4 30.Qxd4 exd4 31.Rd2 Nxe4 32.Rxd4 Nd6 33.Kb1 Re3 34.Rf1 f5 35.h4
Rcc3 36.Bd1 Rcd3 37.Rxd3 Rxd3 38.Bf3 Rd2 39.Re1 Kf8 40.Rc1 Rb2+ 41.Ka1 Rf2
42.Bh1 Rh2 43.Kb1 Rxh4 44.Kc2 Rh2+ 45.Kc3 Rxa2 46.Kb4 g5 47.Kc5 Ke7 48.Kb6
Rb2 49.Rc7+ Kf6 50.Rd7 Ke5 51.Re7+ Kf6 52.Rd7 a2 0-1

[Event "Amplico Life Europe-ch blitz"]
[Site "Warsaw POL"]
[Date "2013.12.13"]
[Round "9.3"]
[White "Perunovic, Milos"]
[Black "Wojtaszek, Radoslaw"]
[Result "1-0"]
[BlackElo "2711"]
[EventDate "2013.12.13"]
[WhiteElo "2569"]

1.e4 c6 2.d4 d5 3.e5 Bf5 4.h4 h5 5.c4 e6 6.Nc3 Nd7 7.Nge2 dxc4 8.Ng3 Bg6
9.Bxc4 Be7 10.Nge4 Nb6 11.Be2 Nh6 12.Bxh6 Rxh6 13.Qd2 Qc7 14.Rc1 Qd7 15.O-O
Rd8 16.Rfd1 Kf8 17.g3 Kg8 18.Qe3 Bf5 19.Nc5 Qc7 20.Bf3 Nc4 21.Qe2 Nxe5
22.Qxe5 Qxe5 23.dxe5 1-0

[Event "Amplico Life Europe-ch blitz"]
[Site "Warsaw POL"]
[Date "2013.12.13"]
[Round "9.4"]
[White "Malakhov, Vladimir"]
[Black "Tkachiev, Vladislav"]
[Result "0-1"]
[BlackElo "2688"]
[EventDate "2013.12.13"]
[WhiteElo "2708"]

1.Nf3 Nf6 2.c4 g6 3.b3 Bg7 4.Bb2 d6 5.g3 O-O 6.Bg2 e5 7.O-O Re8 8.Nc3 c6 9.e3
Na6 10.d4 e4 11.Ne1 Bf5 12.Nc2 h5 13.d5 c5 14.Nb5 Nc7 15.a4 Qd7 16.b4 Na6
17.Qd2 h4 18.Rfb1 cxb4 19.Nxb4 Nc5 20.Bd4 Bh3 21.Bh1 Ng4 22.Bxg7 Kxg7 23.Nc2
Ne5 24.Qc3 hxg3 25.fxg3 Rh8 26.Ne1 Qf5 27.Ng2 Qf6 28.Nf4 a6 29.Nd4 Bg4 30.Qc2
Bf3 31.Rf1 g5 32.Nfe2 Rxh2 33.Nxf3 exf3 34.Kxh2 Rh8+ 35.Kg1 Qh6 36.Kf2 Ncd3+
37.Qxd3 Qh2+ 38.Ke1 Nxd3+ 39.Kd2 0-1

[Event "Amplico Life Europe-ch blitz"]
[Site "Warsaw POL"]
[Date "2013.12.13"]
[Round "9.5"]
[White "Korobov, Anton"]
[Black "Salgado Lopez, Ivan"]
[Result "1-0"]
[BlackElo "2524"]
[EventDate "2013.12.13"]
[WhiteElo "2753"]

1.d4 d5 2.c4 e6 3.Nc3 Be7 4.Nf3 Nf6 5.Bg5 h6 6.Bh4 O-O 7.e3 b6 8.Be2 Bb7
9.Bxf6 Bxf6 10.cxd5 exd5 11.O-O Re8 12.Qb3 c6 13.Rfe1 Nd7 14.Rad1 Be7 15.e4
dxe4 16.Nxe4 Nf6 17.Bc4 Nd5 18.Ne5 Bf8 19.Qf3 Qc7 20.Qg3 Re6 21.f4 f5 22.Nc3
Rae8 23.Nxd5 cxd5 24.Bb5 R8e7 25.Rc1 Qd6 26.a3 a6 27.Bd3 Rf6 28.Qh3 g6 29.Rc3
Rc7 30.Rec1 Rxc3 31.Rxc3 b5 32.Qe3 Re6 33.h4 h5 34.Kh2 Be7 35.Qg3 Kh7 36.Nxg6
Rxg6 37.Bxf5 Bd8 38.Re3 Kg7 39.Bxg6 Qxg6 40.Qxg6+ Kxg6 41.Re8 Bf6 42.Rb8 Bc6
43.Rb6 Bd7 44.Rxa6 Kf5 45.Rd6 Be6 46.Rb6 Bd7 47.Rb7 Ke6 48.f5+ Kd6 49.Rb6+
Ke7 50.g4 hxg4 51.Kg3 Bxf5 52.Rxb5 Ke6 53.Rb6+ Ke7 54.Rb4 Ke6 55.a4 Be7
56.Rb6+ Bd6+ 57.Kg2 Be4+ 58.Kg1 Kd7 59.a5 Bf4 60.Rb3 g3 61.a6 Bd2 62.Rxg3 Be1
63.Rg7+ 1-0

[Event "Amplico Life Europe-ch blitz"]
[Site "Warsaw POL"]
[Date "2013.12.13"]
[Round "9.6"]
[White "Sargissian, Gabriel"]
[Black "Antipov, Mikhail Al."]
[Result "1/2-1/2"]
[BlackElo "2517"]
[EventDate "2013.12.13"]
[WhiteElo "2702"]

1.d4 Nf6 2.Nf3 e6 3.c4 c5 4.e3 cxd4 5.exd4 d5 6.Nc3 Nc6 7.c5 Ne4 8.Qc2 Nxc3
9.Qxc3 a5 10.Bb5 Bd7 11.O-O Be7 12.Bf4 O-O 13.Rfe1 Ne5 14.Bxd7 Nxf3+ 15.Qxf3
Qxd7 16.Rac1 Rfc8 17.Rc3 Bf6 18.Be5 Bxe5 19.Rxe5 Qa4 20.Qg4 Qxa2 21.h4 Qxb2
22.Rg3 g6 23.h5 Qc1+ 24.Kh2 Qh6 25.Rh3 Qg7 26.hxg6 hxg6 27.Rxe6 fxe6 28.Qxe6+
Qf7 29.Rh8+ Kxh8 30.Qxf7 a4 31.Qf6+ Kh7 32.Qf7+ Kh8 33.Qf6+ 1/2-1/2

[Event "Amplico Life Europe-ch blitz"]
[Site "Warsaw POL"]
[Date "2013.12.13"]
[Round "9.7"]
[White "Dubov, Daniil"]
[Black "Dourerassou, Jonathan"]
[Result "1-0"]
[BlackElo "2505"]
[EventDate "2013.12.13"]
[WhiteElo "2683"]

1.Nf3 Nf6 2.g3 d5 3.Bg2 Nbd7 4.O-O e5 5.d3 Bd6 6.Nbd2 O-O 7.e4 c6 8.h3 Re8
9.Nh4 Nf8 10.Qe2 Ng6 11.Nf5 Bc5 12.Nb3 Bf8 13.Kh1 b6 14.c4 dxc4 15.dxc4 Qc7
16.Bg5 Nd7 17.Qh5 a5 18.f4 a4 19.Nd2 Nc5 20.Ne3 f6 21.f5 Rd8 22.Bxf6 gxf6
23.fxg6 Rxd2 24.Rxf6 Be6 25.Rf7 Qxf7 26.gxf7+ Bxf7 27.Qg5+ Bg6 28.Ng4 Rad8
29.Nxe5 R8d6 30.Nxg6 hxg6 31.e5 Rd1+ 32.Rxd1 Rxd1+ 33.Kh2 Kh7 34.Qh4+ Bh6
35.Qe7+ Bg7 36.e6 Re1 37.Qh4+ Kg8 38.Qd8+ Bf8 39.Bxc6 Nxe6 40.Bd5 Kg7 41.Bxe6
Rxe6 42.Qd7+ Kf6 43.Qd4+ Kf7 44.Qf2+ Ke8 45.Kg2 Bg7 46.Qc2 Ke7 47.Kf3 Kf7
48.Kg4 Rd6 49.h4 Be5 50.Kh3 Kf6 51.Qf2+ Ke6 52.Qe2 Rd4 53.b3 axb3 54.axb3 Kd6
55.Kg2 Ke6 56.Qc2 Kf6 57.b4 Rg4 58.Qf2+ Ke7 59.Qe2 Rxg3+ 60.Kf2 Kf6 61.Qe4
Rc3 62.Qc6+ Kf5 63.Qd7+ Kf4 64.Qf7+ Ke4 65.Qxg6+ Kd4 66.Qxb6+ Kxc4 67.Qc5+
Kb3 68.Qxe5 Kxb4 69.Qxc3+ Kxc3 70.Ke3 1-0

[Event "Amplico Life Europe-ch blitz"]
[Site "Warsaw POL"]
[Date "2013.12.13"]
[Round "9.8"]
[White "Socko, Bartosz"]
[Black "Stupak, Kirill"]
[Result "1-0"]
[BlackElo "2517"]
[EventDate "2013.12.13"]
[WhiteElo "2618"]

1.d4 e6 2.c4 Nf6 3.Nc3 d5 4.cxd5 exd5 5.Bg5 Bb4 6.e3 Nbd7 7.Rc1 O-O 8.a3
Bxc3+ 9.Rxc3 h6 10.Bh4 g5 11.Bg3 Ne4 12.Rc1 c5 13.Bd3 Qa5+ 14.Kf1 cxd4
15.Bxe4 dxe4 16.Qxd4 b6 17.Ne2 Qf5 18.h4 g4 19.Kg1 Ba6 20.Nc3 Nc5 21.Nd5 Qe6
22.Nf6+ Kh8 23.Nxe4+ f6 24.Nxc5 bxc5 25.Qf4 Bb7 26.Qxh6+ 1-0